[Event "Stay Safe Play From Home 140"]
[Site "T#645950Emanuel Laske"]
[Date "2020.05.11"]
[Round "2"]
[White "Shatarchin7"]
[Black "Onlyforchess"]
[Result "1/2-1/2"]
[WhiteElo "2264"]
[BlackElo "2565"]
[Annotator "TA"]
[PlyCount "138"]
[EventDate "2020.05.11"]
[EventType "swiss (blitz)"]

{[%evp 9,138,42,133,131,154,83,122,39,43,36,110,54,60,60,68,58,139,0,41,-29,0,-83,12,-150,-158,-411,-113,-99,-106,-89,0,-260,0,0,-5,-11,-3,-13,0,0,0,0,0,0,0,-27,35,0,0,0,0,0,0,-72,0,-112,-72,-72,-13,-79,-1,-11,0,0,2,2,52,47,114,52,105,81,80,0,0,0,0,0,0,0,0,0,0,0,0,0,0,0,0,0,0,0,37,0,94,94,603,554,432,408,1623,0,123,0,0,0,0,0,0,0,0,0,0,0,0,-4622,0,0,0,0,0,0,0,0,29976,29978,29977,29978,29979,0,0]} 1. Nf3 c5 2. e3 Nc6 3. c4 d5 4. cxd5 Qxd5 5. Nc3 {[#]} Qh5 $146 (5... Qd8 $14) ({Predecessor:} 5... Qd7 6. Bb5 Qd6 7. O-O Nf6 8. d4 Bd7 9. d5 Nb4 10. e4 Bxb5 11. Nxb5 Qb6 {1-0 (38) Okada,W (1835)-Rosa,J (1557) Goiania 2015}) 6. Be2 $16 {A30: Symmetrical English: Double Fianchetto and Hedgehog.} Nf6 7. h3 (7. Nb5 $142 {Threatens to win with Nc7+.} Rb8 8. d4) 7... e6 8. d4 (8. Nb5 $16 {Black must now prevent Nc7+.} Rb8 9. d4 cxd4 10. Nc7+ (10. exd4 Nd5 $16) (10. Nbxd4 Be7 $11) (10. Nfxd4 Qe5 $14) 10... Ke7 11. O-O) 8... cxd4 $14 9. Nxd4 Qg6 (9... Qe5 $14) 10. Nxc6 (10. Ndb5 $16 Rb8 11. Nc7+ Ke7 12. b3 (12. N3b5 Bd7 $11)) 10... bxc6 11. Bf3 Nd5 12. O-O Bb4 (12... Be7 $14) 13. Na4 (13. Qa4 $16 Rb8 14. e4 (14. Qxa7 Rb7 $16) (14. Qxc6+ Bd7 $16)) 13... O-O 14. b3 (14. e4 $14 Nb6 15. Qb3) 14... e5 15. Bb2 (15. Bh5 $11 Qg5 16. Bg4) 15... Bxh3 (15... e4 $1 $17 {[%cal Re4f3]} 16. Bh5 Qg5) 16. Bxd5 $2 (16. Bxe5 $11 Rfd8 17. Qd4) 16... cxd5 $17 17. Qxd5 $2 (17. Qf3 $17 {was forced.} Bg4 18. Qxd5) 17... Rad8 $2 (17... e4 $19 {[%csl Gh3][%cal Rg6g2] has better winning chances.} 18. g3 Rad8) 18. Qf3 Bg4 19. Qg3 Be2 (19... e4 $1 $17 {Hoping for ...Rd5.} 20. Bc3 Bd6) 20. Rfc1 $2 {[%mdl 8192]} (20. Qxg6 $11 hxg6 21. Rfc1) 20... f6 $2 ({Black should try} 20... Qxg3 $19 21. fxg3 Bd2 {[%mdl 64] Double Attack}) 21. Qxg6 $11 hxg6 22. Bc3 Ba3 23. Bb2 Bxb2 24. Nxb2 Rd2 25. Nc4 Bxc4 26. Rxc4 {[%mdl 4096] Endgame KRR-KRR} Rfd8 27. a4 Rb8 (27... Rb2 $11) 28. Rc3 Rb7 29. Rac1 Rb2 30. Rc8+ Kh7 31. a5 (31. R8c3 $11) 31... R2xb3 (31... R7xb3 $17 {Strongly threatening ...Ra3.} 32. R8c7 Ra3 33. Rxa7 Raa2) 32. R8c5 (32. R8c7 $11) 32... a6 33. Rc6 Ra7 (33... Ra3 $17 34. Rxa6 g5) 34. R1c5 (34. R1c3 $11 Rb5 35. R3c5) 34... Rb5 (34... Ra3 $17 {Threatening ...Ra2.} 35. Kh2 Ra2) 35. g3 Rab7 36. Rxb5 axb5 {KR-KR} 37. Rb6 Ra7 38. Rxb5 g5 (38... Rc7 $14) 39. Kg2 ({Better is} 39. Kf1 $1 $16) 39... Kg6 (39... g4 $14) 40. g4 Kf7 41. e4 ({White should play} 41. Kf3 $16) 41... Ke6 42. Kf3 Kd6 43. Ke3 Kc6 44. Rd5 Rb7 45. Kd3 Rb2 46. f3 Ra2 47. Ke3 Ra3+ 48. Ke2 Ra2+ 49. Ke3 Ra1 50. Kf2 g6 51. Kg3 Ra2 {[#]} (51... Rc1 $11) 52. Rd8 $1 $16 f5 $2 {[%mdl 8192]} (52... Rxa5 $16 53. Rf8 Kb5) 53. gxf5 $18 gxf5 54. exf5 {And now f6 would win.} Rxa5 (54... Ra4 $142 55. f6 Rf4) 55. Rg8 $2 (55. f6 $18 {White wants to mate with f7.} Ra7 56. Kg4) 55... Ra3 {[#]} (55... Ra4 $11 {remains equal.}) 56. Rxg5 (56. Kg4 $1 $16 Kd7 57. Rg7+ (57. Kxg5 Rxf3 58. Kf6 e4 $11) (57. Rxg5 Ra4+ 58. Kg3 Rf4 $11) 57... Kd6 58. Rb7 (58. Rxg5 Ra4+ 59. Kh3 Rf4 $11) (58. Kxg5 Rxf3 59. f6 e4 $11)) 56... e4 $11 57. Kg4 Rxf3 58. Rg6+ Kd5 59. Re6 Rf1 60. Re8 Kd4 61. Rc8 Ke3 62. Rd8 $2 {[%mdl 8192]} (62. Kg5 $11) 62... Kf2 $2 (62... Rg1+ $19 63. Kh3 Kf3) 63. Kg5 e3 64. f6 e2 65. f7 Kg2 (65... e1=Q $5 66. f8=Q+ $8 Kg2 $11) 66. Re8 Rf2 $2 {[%mdl 8192] [#]} (66... Rxf7 $11 67. Rxe2+ Kf3) 67. Rxe2 $1 {[%mdl 576] Promotion} Rxe2 68. f8=Q Rf2 69. Qxf2+ $2 (69. Qd6 {mates} Re2 70. Qd4 Kf3 71. Qf4+ Kg2 72. Kg4 Rf2 73. Qc4 Rf8 74. Qe2+ Rf2 75. Qc4) 69... Kxf2 {What a fight! Accuracy: White = 57%, Black = 48%.} 1/2-1/2

[Event "Stay Safe Play From Home 140"]
[Site "T#645950Emanuel Laske"]
[Date "2020.05.11"]
[Round "2"]
[White "SoulofWolf"]
[Black "Lazieri3"]
[Result "1-0"]
[WhiteElo "2179"]
[BlackElo "2121"]
[Annotator "TA"]
[PlyCount "99"]
[EventDate "2020.05.11"]
[EventType "swiss (blitz)"]

{[%evp 12,99,34,17,25,20,21,14,38,26,65,52,58,45,66,49,67,21,74,38,28,13,39,31,51,0,45,-22,-15,-25,0,-18,0,-11,0,-67,-36,-92,-91,-127,-68,-75,-68,-59,0,0,0,0,0,0,0,0,47,47,97,87,97,81,154,106,128,51,55,60,142,140,136,135,131,137,131,50,45,48,101,91,210,189,173,117,241,206,442,437,502,489,514,477,466,454]} 1. d4 c6 2. Nf3 d5 3. c4 Nf6 4. Nc3 Bf5 5. Bg5 e6 6. e3 Be7 7. Bd3 Bxd3 {D06: Queen's Gambit: Symmetrical and Baltic Defences.} 8. Qxd3 h6 9. Bh4 {[#]} Nfd7 $146 {The position is equal.} ({Predecessor:} 9... Nbd7 10. O-O O-O 11. Rac1 Qc7 12. cxd5 exd5 13. Rfe1 Rfe8 14. a3 Bd6 15. Nb5 Qb8 16. Nxd6 Qxd6 {1-0 (49) Acar,O (1798)-Erdal,V (1127) Antalya 2019}) 10. Bg3 Bf6 11. O-O O-O 12. a3 Re8 13. b4 a6 14. Rac1 Nf8 (14... Nb6 $11 {remains equal.}) 15. Rfe1 Nbd7 16. Nd2 Bh4 17. Bd6 Be7 18. Bg3 Bh4 19. f3 (19. e4 $14) 19... Bxg3 $11 20. hxg3 Nf6 21. Kf2 Qc7 22. Rh1 Ng6 23. Rh2 (23. cxd5 $11 exd5 24. Nb3) 23... dxc4 24. Nxc4 (24. Qxc4 $15 e5 25. Nde4 Nxe4+ 26. Nxe4) 24... e5 25. Rd1 exd4 (25... Rad8 $17 26. Ne4 Nxe4+ 27. fxe4 b5) 26. Qxd4 $15 Rad8 27. Qb6 $1 {[%cal Rb6c7]} Qxb6 ({Better is} 27... Qb8 $15 28. Rhh1 Nd5 29. Nxd5 cxd5) 28. Nxb6 $11 Rxd1 29. Nxd1 Rd8 30. Ke2 $1 Ne5 31. Rh4 Nd5 32. Rd4 Re8 33. Nxd5 cxd5 34. Rxd5 $16 {[%mdl 4096] Endgame KRN-KRN} Re7 ({Black should try} 34... Nc4) 35. Rd4 b5 36. Nf2 (36. f4 $16 Nc4 {[#]} 37. a4 $1 {[%mdl 512]}) 36... Nc4 $14 37. Rd3 Nb2 ({Black should play} 37... Ra7 $14) 38. Rc3 $16 Nc4 39. Ne4 f5 40. Nc5 a5 41. f4 (41. Nb3 $16) 41... axb4 42. axb4 Nd6 (42... Nb6 $14) 43. Kf3 Ne4 (43... g5 $16) 44. Nxe4 $18 fxe4+ {KR-KR} 45. Ke2 (45. Kg4 $18) 45... g6 {This move loses the game for Black.} (45... Ra7 $16) 46. Rc5 Kg7 $2 {[#]} (46... Ra7 47. g4 (47. Rxb5 Ra2+ 48. Kd1 Rxg2 $18) 47... Ra2+ 48. Kf1 Ra1+ 49. Kf2 Ra2+ 50. Kg3 Ra3) 47. Rxb5 {White is clearly winning.} Rc7 {Now ...Rc2+ and Black clings on.} 48. Rc5 Rb7 49. Rc4 Ra7 50. Rxe4 {Accuracy: White = 65%, Black = 50%.} 1-0

[Event "Stay Safe Play From Home 140"]
[Site "T#645950Emanuel Laske"]
[Date "2020.05.11"]
[Round "2"]
[White "Little champs"]
[Black "MartinKestler"]
[Result "0-1"]
[WhiteElo "2144"]
[BlackElo "1925"]
[Annotator "TA"]
[PlyCount "140"]
[EventDate "2020.05.11"]
[EventType "swiss (blitz)"]

{[%evp 13,139,4,4,-16,-7,-66,0,-28,-12,-438,-444,-465,-440,-452,-411,-479,-489,-534,-527,-534,-256,-224,0,-531,-430,-447,-443,-441,-416,-579,-564,-557,-549,-552,-553,-539,-538,-588,-472,-472,-465,-467,-402,-395,-395,-487,-471,-631,-643,-593,-580,-592,1152,-29972,-29973,-29973,-29974,-29973,-29974,-29974,-29975,-29974,-29976,-29976,-29975,-29975,-29975,-29975,-29974,-29975,-29976,-29976,-29973,-29971,-29973,-29973,-29974,-29980,-29981,-29980,-29981,-29982,-29983,-29983,-29984,-29984,-29985,-29985,-29986,-29986,-29987,-29987,-29988,-29989,-29988,-29988,-29989,-29989,-29990,-29990,-29991,-29991,-29991,-29991,-29992,-29992,-29993,-29993,-29994,-29994,-29994,-29994,-29994,-29994,-29995,-29995,-29995,-29996,-29996,-29996,-29997,-29997,-29997,-29997,-29997,-29998,-29999,-29999]} 1. d4 e6 2. e3 d5 3. Nf3 Nf6 4. Be2 Be7 5. O-O O-O 6. c4 b6 7. Nc3 Bb7 8. Ne5 {E14: Queen's Indian: Classical Variation (4 e3).} Nbd7 {[%cal Bb8d7,Bd7e5,Be5f3][%mdl 32]} 9. Bf3 {[#]} (9. b3 $11) 9... h6 $146 ({Better is} 9... Nxe5 $15 10. dxe5 Nd7) ({Predecessor:} 9... Nxe5 10. dxe5 Nd7 11. Nxd5 Nxe5 12. e4 Nxf3+ 13. Qxf3 exd5 14. cxd5 Bxd5 15. exd5 Bf6 {0-1 (31) Da Sousa,V (1424)-Prado,F (1717) Fortaleza 2018}) 10. Re1 {The position is equal.} (10. Nxd7 {feels hotter.} Qxd7 11. b3 Rad8 12. Bb2 Ne4 13. Nxe4 dxe4 14. Bh5) 10... c5 {[%mdl 64] Overworked Piece} (10... Nxe5 {seems wilder.} 11. dxe5 Nd7 12. cxd5 Nxe5 13. e4 Bb4) 11. dxc5 $2 {[%mdl 8192]} (11. Nd3 $11 {and White stays safe.}) 11... Nxe5 $19 12. cxd5 Nxf3+ 13. Qxf3 {Now c6 and White clings on.} Nxd5 14. e4 Nxc3 15. bxc3 Bxc5 16. Qg3 Qb8 (16... Qf6 $142 17. Bf4 e5 $1 {[%mdl 512]}) 17. Bf4 {Hoping for Be5.} Qd8 $2 (17... Qe8 $19 {And now ...Kh7 would win.} 18. Bxh6 g6) 18. e5 $2 {[%mdl 8192]} (18. Bc1 $1 $11 {and White is okay.} Qf6 19. e5) 18... g5 19. Rad1 {[#]} Qe7 $1 20. h4 f6 21. hxg5 fxg5 22. Be3 Bxe3 23. Rxe3 Rad8 24. Red3 Rxd3 25. Rxd3 Rd8 26. Rd6 Rxd6 27. exd6 Qd7 28. Qe5 Bd5 29. a3 b5 30. g3 a5 31. f4 gxf4 32. gxf4 Qg7+ $4 {[%mdl 8192]} (32... Qc6 $19 33. Kf1 Qc4+ 34. Ke1 Qd3) 33. Kf1 $4 {[%mdl 8192]} (33. Qxg7+ $18 Kxg7 34. d7) 33... Qxe5 {Black mates.} 34. fxe5 {[%mdl 4096] Endgame KB-KP} Kf7 35. Ke2 Ke8 36. Ke3 Kd7 37. Kd4 h5 38. Ke3 h4 39. Kf4 h3 40. Kg3 Bg2 41. Kh2 a4 42. Kg3 Ke8 43. Kh2 Kf7 44. Kg3 Bc6 45. Kh2 Kg6 46. Kxh3 Kf5 47. d7 Bxd7 48. Kg3 Kxe5 {KB-KPP} 49. Kf3 Kd5 50. Ke3 Kc4 51. Kd2 Kb3 52. Kd3 Kxa3 53. c4 bxc4+ 54. Kxc4 Kb2 55. Kc5 a3 56. Kd6 a2 57. Kxd7 a1=Q 58. Kxe6 Qd1 59. Ke5 Kc3 60. Ke6 Kc4 61. Ke5 Qd5+ 62. Kf6 Qe4 63. Kf7 Kd5 64. Kf6 Kd6 65. Kg7 Qf4 66. Kg6 Ke6 67. Kg7 Qf7+ 68. Kh8 Qc7 69. Kg8 Kf6 {[%csl Gf6][%cal Rc7g7]} 70. Kh8 Qg7# {Accuracy: White = 59%, Black = 76%.} 0-1

[Event "Stay Safe Play From Home 140"]
[Site "T#645950Emanuel Laske"]
[Date "2020.05.11"]
[Round "2"]
[White "Fischer_11"]
[Black "Chesspugnator"]
[Result "0-1"]
[WhiteElo "1954"]
[BlackElo "1896"]
[Annotator "TA"]
[PlyCount "106"]
[EventDate "2020.05.11"]
[EventType "swiss (blitz)"]

{[%evp 9,106,46,37,10,27,2,26,-53,-48,-39,-42,-79,-64,-144,-146,-150,-146,-146,-152,-141,-143,-152,-35,-56,0,0,0,0,0,0,51,45,115,119,103,66,74,0,114,0,6,-14,-24,-58,-65,-63,-58,-99,-89,-83,-21,-109,-45,-384,-22,-85,27,22,27,0,0,0,36,-416,66,0,36,36,53,52,64,57,66,66,64,36,70,0,0,0,12,19,81,81,81,0,0,0,29995,-29979,-29980,-29992,-29993,-29993,-29994,-29994,-29995,-29995,-29996]} 1. e4 g6 2. d4 Bg7 3. Nc3 d6 4. Bg5 a6 5. Qd2 b5 6. a3 {B06: Modern Defence.} Bb7 7. O-O-O Nd7 8. f4 {[#]} (8. Kb1 $11) 8... h6 $146 ({Predecessor:} 8... c5 9. dxc5 Nxc5 10. e5 dxe5 11. Qe3 Qc7 12. Nd5 Bxd5 13. Rxd5 Ne6 14. Nf3 Rc8 {0-1 (55) Charochkina,D (2321)-Bodnaruk,A (2432) Sochi 2017}) 9. Bh4 c5 10. dxc5 Nxc5 11. e5 (11. Nf3 $15) 11... dxe5 $17 12. Qxd8+ Rxd8 13. Rxd8+ Kxd8 14. fxe5 Bxe5 15. Nf3 Bxc3 (15... Bf4+ $17 16. Kb1 Nf6) 16. bxc3 $15 Bxf3 (16... Bd5 $15) 17. gxf3 $11 Nf6 18. c4 $1 bxc4 $1 19. Bxc4 Kc7 (19... Rf8 $11) 20. Bxf7 $14 Rf8 (20... g5 $14 21. Bg3+ Kd8) 21. Bxg6 $16 Nd5 22. Bg3+ Kc6 23. c4 (23. Rf1 $16) 23... Nc3 (23... Nf4 $11 24. Bb1 Ne2+ {[%mdl 64] Discovered Attack} 25. Kd2 Nxg3 26. hxg3 Rxf3) 24. Kd2 (24. Re1 $16 e6 25. Bc2) 24... Rxf3 $11 25. Be5 N3e4+ 26. Bxe4+ Nxe4+ {[%mdl 4096] Endgame KRB-KRN} 27. Ke2 Rxa3 28. h4 Ra2+ 29. Ke3 Nc5 (29... Nd6 $17 30. Kd4 a5) 30. Bg7 (30. h5 $11 {keeps the balance.}) 30... Ra3+ ({Black should play} 30... h5 $1 $17 {...Ra4 is the strong threat.} 31. Bd4 Nb3) 31. Kf4 $2 {[%mdl 8192]} (31. Kd2 $1 $15) 31... h5 $2 (31... Ne6+ $19 32. Kf5 Nxg7+ 33. Kg6 Rg3+ 34. Kf7 Nf5) 32. Kg5 {[#]} (32. Bh6 $11) 32... Ra4 (32... Ne6+ $1 $17 33. Kh6 Nxg7 34. Kxg7 Ra5) 33. Kxh5 Rxc4 34. Bf8 Re4 35. Kg6 Nd7 36. h5 $2 {[%mdl 8192]} (36. Bg7 $14) 36... Nf6 $2 (36... Nxf8+ $19 37. Kf7 Nh7) 37. Kf7 (37. h6 $14) 37... Nxh5 38. Rxh5 {KRB-KR} Rf4+ 39. Kxe7 Kb6 40. Bg7 a5 41. Be5 Re4 42. Ke6 a4 43. Rh6 ({Better is} 43. Kd5 $14 Rb4 44. Bd4+ Kb5 45. Rh8) 43... Kb5 44. Kd5 Re1 45. Bd4 Rd1 (45... Rc1 $11) 46. Rb6+ $16 Ka5 47. Rc6 ({White should try} 47. Rb8 $16 {Intending Kc6 and mate.} a3 48. Kc4 Rc1+ 49. Bc3+ Ka6 50. Ra8+ Kb7 51. Rxa3) 47... a3 $11 48. Kc5 {Threatening mate with Bc3+.} a2 $2 {[%mdl 8192]} (48... Rxd4 $11 49. Rc8 {[#]} (49. Kxd4 a2 $11) 49... Rd5+ $1 {[%mdl 512]} 50. Kxd5 Kb4) 49. Rc8 $4 {[%mdl 8192]} (49. Bc3+ {is the narrow road to win.} Ka4 50. Kc4 Rd4+ 51. Bxd4 Ka5 52. Bc3+ Ka4 53. Ra6#) 49... Rc1+ {Black mates.} 50. Bc3+ Rxc3+ 51. Kd6 Rxc8 52. Kd5 a1=Q 53. Ke4 Qc3 {Both players deserved the win here. Accuracy: White = 42%, Black = 51%.} 0-1

[Event "Stay Safe Play From Home 140"]
[Site "T#645950Emanuel Laske"]
[Date "2020.05.11"]
[Round "2"]
[White "Patzeroglu"]
[Black "Lamborghini"]
[Result "0-1"]
[WhiteElo "1823"]
[BlackElo "2257"]
[Annotator "RC"]
[PlyCount "84"]
[EventDate "2020.05.11"]
[EventType "swiss (blitz)"]

1. e4 {[%emt 0:00:02]} c5 {[%emt 0:00:01]} 2. Nf3 {[%emt 0:00:01]} d6 {[%emt 0:00:01]} 3. d4 {[%emt 0:00:00]} cxd4 {[%emt 0:00:00]} 4. Nxd4 {[%emt 0:00:00]} Nf6 {[%emt 0:00:00]} 5. Nc3 {[%emt 0:00:00]} g6 {[%emt 0:00:00]} 6. Bc4 {[%emt 0:00:00]} Bg7 {[%emt 0:00:01]} 7. Bb3 {[%emt 0:00:00]} O-O {[%emt 0:00:00]} 8. f3 {[%emt 0:00:00]} Nbd7 {[%emt 0:00:04]} 9. Be3 {[%emt 0:00:00]} Nc5 {[%emt 0:00:01]} 10. Qd2 {[%emt 0:00:01]} a5 {[%emt 0:00:01]} 11. Bc4 {[%emt 0:00:04]} Qc7 {[%emt 0:00:03]} 12. Be2 {[%emt 0:00:02]} Bd7 {[%emt 0:00:03]} 13. O-O {[%emt 0:00:02]} Rfc8 {[%emt 0:00:01]} 14. Kh1 {[%emt 0:00:02]} a4 {[%emt 0:00:02]} 15. a3 {[%emt 0:00:03]} Qa5 {[%emt 0:00:01]} 16. Rab1 {[%emt 0:00:05]} Be8 {[%emt 0:00:01]} 17. Rfd1 {[%emt 0:00:02]} Nfd7 {[%emt 0:00:01]} 18. h4 {[%emt 0:00:02]} h5 {[%emt 0:00:01]} 19. Nd5 {[%emt 0:00:02]} Qxd2 {[%emt 0:00:01]} 20. Rxd2 {[%emt 0:00:00]} Kf8 {[%emt 0:00:01]} 21. Bg5 {[%emt 0:00:03]} f6 {[%emt 0:00:01]} 22. Be3 {[%emt 0:00:01]} e6 {[%emt 0:00:01]} 23. Nf4 {[%emt 0:00:02]} Bf7 {[%emt 0:00:03]} 24. Nb5 {[%emt 0:00:05]} e5 {[%emt 0:00:02]} 25. Nd5 {[%emt 0:00:02]} Bxd5 {[%emt 0:00:02]} 26. Rxd5 {[%emt 0:00:01]} Nb6 {[%emt 0:00:01]} 27. Rxd6 {[%emt 0:00:01]} Ra6 {[%emt 0:00:03]} 28. Rbd1 {[%emt 0:00:01]} Kg8 {[%emt 0:00:01]} 29. Kh2 {[%emt 0:00:05]} Bf8 {[%emt 0:00:02]} 30. Rxf6 {[%emt 0:00:02]} Ne6 {[%emt 0:00:02]} 31. Rxe6 {[%emt 0:00:03]} Rxc2 {[%emt 0:00:01]} 32. Bd3 {[%emt 0:00:02]} Rc6 {[%emt 0:00:02]} 33. Rxg6+ {[%emt 0:00:00]} Rxg6 {[%emt 0:00:01]} 34. Nc7 {[%emt 0:00:00]} Nc4 {[%emt 0:00:02]} 35. Nd5 {[%emt 0:00:00]} Nxe3 {[%emt 0:00:01]} 36. Nxe3 {[%emt 0:00:00]} Rac6 {[%emt 0:00:01]} 37. Bc4+ {[%emt 0:00:00]} Rxc4 {[%emt 0:00:01]} 38. Nxc4 {[%emt 0:00:01]} Be7 {[%emt 0:00:00]} 39. Rd7 {[%emt 0:00:02]} Re6 {[%emt 0:00:00]} 40. Rxb7 {[%emt 0:00:00]} Kf7 {[%emt 0:00:00]} 41. Rb5 {[%emt 0:00:00]} Kf6 {[%emt 0:00:01]} 42. Rxe5 {[%emt 0:00:00]} Rd6 {[%emt 0:00:01] Zeit (Lag: Av=0.61s, max=1.5s) .} 0-1

[Event "Stay Safe Play From Home 140"]
[Site "T#645950Emanuel Laske"]
[Date "2020.05.11"]
[Round "2"]
[White "Chase the sun"]
[Black "Trotsky"]
[Result "1-0"]
[WhiteElo "1810"]
[BlackElo "1644"]
[Annotator "NA RC"]
[PlyCount "43"]
[EventDate "2020.05.11"]
[EventType "swiss (blitz)"]

1. e4 {[%emt 0:00:01]} c5 {[%emt 0:00:01]} 2. Nc3 {[%emt 0:00:01]} e6 {[%emt 0:00:00]} 3. g3 {[%emt 0:00:01]} d5 {[%emt 0:00:01]} 4. exd5 {[%emt 0:00:00]} exd5 {[%emt 0:00:01]} 5. Bg2 {[%emt 0:00:00]} Be6 {[%emt 0:00:01]} 6. d3 {[%emt 0:00:01]} Nc6 {[%emt 0:00:02]} 7. Nge2 {[%emt 0:00:01]} d4 {[%emt 0:00:01]} 8. Ne4 {[%emt 0:00:02]} Bd6 {[%emt 0:00:02]} 9. Nxd6+ {[%emt 0:00:01]} Qxd6 {[%emt 0:00:01]} 10. Bf4 {[%emt 0:00:01]} Ne5 {[%emt 0:00:02]} 11. O-O {[%emt 0:00:02]} O-O-O {[%emt 0:00:01]} 12. b4 {[%emt 0:00:03]} h6 {[%emt 0:00:01]} 13. bxc5 {[%emt 0:00:02]} Qc7 {[%emt 0:00:01]} 14. a4 {[%emt 0:00:03]} g5 {[%emt 0:00:01]} 15. Bxe5 {[%emt 0:00:02]} Qxe5 {[%emt 0:00:01]} 16. a5 {[%emt 0:00:01]} Nf6 {[%emt 0:00:01]} 17. a6 {[%emt 0:00:01]} Kb8 {[%emt 0:00:02]} 18. axb7 {[%emt 0:00:01]} Ng4 {[%emt 0:00:01]} 19. Qd2 {[%emt 0:00:04]} h5 {[%emt 0:00:02]} 20. Rxa7 {[%emt 0:00:04]} h4 {[%emt 0:00:02]} 21. Qa5 {[%emt 0:00:07]} hxg3 {[%emt 0:00:07]} 22. Ra8# {[%emt 0:00:05] (Lag: Av=0.29s, max=0.4s)} 1-0

[Event "Stay Safe Play From Home 140"]
[Site "T#645950Emanuel Laske"]
[Date "2020.05.11"]
[Round "2"]
[White "Muralikrishna"]
[Black "Haxhi Baha"]
[Result "0-1"]
[WhiteElo "1809"]
[BlackElo "1928"]
[Annotator "TA"]
[PlyCount "140"]
[EventDate "2020.05.11"]
[EventType "swiss (blitz)"]

{[%evp 10,140,12,2,27,6,6,-18,-11,-7,-2,-16,-12,-25,-13,-20,-14,-22,26,-8,-6,-20,-10,-33,0,-8,0,0,0,0,66,56,51,-279,718,-140,1564,-155,1373,-330,268,-580,1175,-257,-268,-279,-235,-259,-194,-260,-126,-126,-79,-126,-126,-126,-127,-266,-267,-266,-264,-274,-273,-325,-320,-326,-315,-325,-325,-315,-292,-292,-281,-325,-325,-325,-325,-319,-319,-325,-310,-304,-219,-219,-213,-219,-220,-219,-219,-213,-208,-208,-209,-209,-209,-210,-196,-234,-221,-242,-241,-250,-233,-233,-233,-233,-211,-254,-233,-233,-201,-248,-242,-232,-57,-54,-48,-12850,-12850,-12850,-12851,-12851,-12851,-12851,-12851,-12851,0,-12851,-12851,-12851,-12851,-12851,-12851]} 1. e4 e6 2. d4 d5 3. exd5 exd5 4. c4 Nf6 5. Nc3 c6 6. Nf3 h6 {C01: French: Exchange Variation.} 7. c5 {[#]} b6 $146 ({Predecessor:} 7... Bf5 8. Bd3 Qc8 9. O-O Be7 10. Re1 Bxd3 11. Qxd3 Nbd7 12. Bf4 Nf8 13. Bd6 Ne6 14. Bxe7 Kxe7 {1-0 (36) Durette,F (1994)-Johnson Constantin,M (1719) Laval 2015}) 8. cxb6 axb6 {The position is equal.} 9. Bd3 Bd6 10. O-O O-O 11. h3 Re8 12. Re1 Nbd7 13. Be3 c5 14. dxc5 bxc5 15. Nb5 Bb8 16. Rc1 c4 17. Bb1 Qa5 18. Nc3 Bb7 19. Bd4 Ne4 (19... Rxe1+ $11 20. Qxe1 Ba7) 20. Nxe4 dxe4 {[#]} 21. Bc3 $2 {[%mdl 8192]} (21. Bxg7 $1 $14 {[%mdl 512] keeps the upper hand.} Nc5 (21... Kxg7 22. Qxd7) 22. Bxh6) 21... Qh5 $4 {[%mdl 8192]} (21... Qc7 $19 22. g3 {[#]} e3 $1 {[%mdl 512]}) 22. Nd4 $2 (22. Qxd7 $18 Bf4 23. Qxb7) 22... Nc5 $2 {[%mdl 8192]} (22... Qe5 $17 23. g3 Ba7) 23. Re3 $2 ({White has to play} 23. Qxh5 $18 Be5 24. Nf5) 23... Nd3 $2 (23... Qd5 $17 24. b3 Bf4) 24. Rg3 $4 {[%mdl 8192]} (24. Qxh5 $18 Bf4 25. Bxd3) 24... Bxg3 $4 {[%mdl 8192]} (24... Qd5 $19 {and all is fine.} 25. Re3 Rd8 26. Bxd3 exd3) 25. fxg3 $4 {[%mdl 8192]} (25. Qxh5 $18 {is the narrow road to win.} Bxf2+ 26. Kh1 (26. Kf1 Bxd4 27. Bxd3 Re5 $16) 26... Bxd4 27. Bxd3) 25... e3 $4 {[%mdl 8192]} (25... Qc5 $19 26. Bxd3 cxd3) 26. Bxd3 $4 {[%mdl 8192]} (26. Qxh5 $18 Nxc1 27. Nf5) 26... Qxd1+ $19 27. Rxd1 cxd3 28. Rxd3 e2 29. Be1 (29. Kf2 {keeps fighting.}) 29... Be4 (29... Rxa2 $19 {has better winning chances.} 30. Rd2 Rd8) 30. Rd2 $17 Bb1 31. Rxe2 Rxe2 32. Nxe2 Rxa2 {[%mdl 4096] Endgame KRB-KBN} 33. Kf2 (33. Bc3 $17) 33... Rxb2 $19 34. Ke3 Bc2 35. Bc3 Rb3 {And now ...Bd1 would win.} 36. Kd2 Be4 37. Nf4 g5 38. Ne2 Bxg2 39. h4 Bf1 40. Nd4 Rb7 41. hxg5 hxg5 42. Ke1 Bc4 43. Kf2 Be6 44. Bd2 Rb2 45. Ke1 Ra2 46. Bxg5 Bc4 47. Bf4 Kg7 48. Nf3 Re2+ 49. Kd1 Rf2 50. Ne5 Bd5 51. Ke1 Ra2 52. Nd3 f6 53. Kd1 Bb3+ 54. Kc1 Rc2+ 55. Kb1 Rh2 {...Bc2+ is the strong threat.} 56. Nc5 Bc4 57. Kc1 Kg6 58. Nd7 Kf5 59. Nc5 Kg4 60. Kb1 Kf3 61. Nd7 Ke2 $2 (61... Bd3+ $19 62. Ka1 Ke4 63. Nc5+ Kd4 64. Nxd3 Kxd3) 62. Nxf6 $15 Kd3 {aiming for ...Rc2.} 63. Ne4 $2 {[%mdl 8192]} (63. Ng4 $15 Ba2+ 64. Kc1) 63... Rh1+ 64. Kb2 Kxe4 65. Ka3 Bd5 66. Kb4 Rg1 67. Kc5 Kf3 68. Kd6 $2 {[%mdl 8192]} (68. Kxd5 $11 Re1 69. Bd6) 68... Rd1 $19 {Black is clearly winning.} 69. Ke5 Be4 70. Kf6 Rd5 {Accuracy: White = 55%, Black = 54%.} 0-1

[Event "Stay Safe Play From Home 140"]
[Site "T#645950Emanuel Laske"]
[Date "2020.05.11"]
[Round "2"]
[White "Edmatuag"]
[Black "UHU4"]
[Result "1-0"]
[WhiteElo "1662"]
[BlackElo "1530"]
[Annotator "NA RC"]
[PlyCount "47"]
[EventDate "2020.05.11"]
[EventType "swiss (blitz)"]

1. d4 {[%emt 0:00:01]} d5 {[%emt 0:00:01]} 2. Nf3 {[%emt 0:00:00]} Nc6 {[%emt 0:00:01]} 3. g3 {[%emt 0:00:00]} Bf5 {[%emt 0:00:01]} 4. Bg2 {[%emt 0:00:00]} e6 {[%emt 0:00:01]} 5. O-O {[%emt 0:00:01]} Nf6 {[%emt 0:00:01]} 6. c3 {[%emt 0:00:00]} Bd6 {[%emt 0:00:01]} 7. Bg5 {[%emt 0:00:03]} h6 {[%emt 0:00:01]} 8. Bxf6 {[%emt 0:00:01]} gxf6 {[%emt 0:00:01]} 9. Nbd2 {[%emt 0:00:00]} Qe7 {[%emt 0:00:01]} 10. Nh4 {[%emt 0:00:01]} Bh7 {[%emt 0:00:05]} 11. e4 {[%emt 0:00:01]} dxe4 {[%emt 0:00:01]} 12. Nxe4 {[%emt 0:00:00]} O-O-O {[%emt 0:00:02]} 13. Nxd6+ {[%emt 0:00:02]} Rxd6 {[%emt 0:00:02]} 14. Qb3 {[%emt 0:00:02]} Rg8 {[%emt 0:00:02]} 15. Nf3 {[%emt 0:00:02]} Be4 {[%emt 0:00:04]} 16. Nd2 {[%emt 0:00:03]} Bxg2 {[%emt 0:00:02]} 17. Kxg2 {[%emt 0:00:00]} h5 {[%emt 0:00:02]} 18. Ne4 {[%emt 0:00:01]} Rd5 {[%emt 0:00:02]} 19. c4 {[%emt 0:00:02]} Rf5 {[%emt 0:00:02]} 20. Rad1 {[%emt 0:00:03]} h4 {[%emt 0:00:01]} 21. Nc5 {[%emt 0:00:02]} hxg3 {[%emt 0:00:04]} 22. Qxb7+ {[%emt 0:00:02]} Kd8 {[%emt 0:00:02]} 23. Qa8+ {[%emt 0:00:00]} Nb8 {[%emt 0:00:10]} 24. Qxb8# {[%emt 0:00:02] (Lag: Av=0.65s, max=0.8s)} 1-0